000 00722nam a2200241Ia 4500
005 20250425161924.0
008 250425s9999 xx 000 0 und d
020 _a8487440886
041 _aspa
082 _a634
100 _aMELGAREJO MORENO, PABLO
245 0 _aEL FRIO INVERNAL, FACTOR LIMITANTE PARA EL CULTIVO FRUTAL: MODELOS Y METODOS PARA DETERMINAR LA ACUMULACION DE FRIO Y DE CALOR EN FRUTALES
250 _a1A ED.
260 _aEspaƱa
_bA. MADRID VICENTE : MUNDI-PRENSA
_c1996
260 _aMADRID
300 _a166
650 _aAGRICULTURA
650 _aANALISIS ARMONICO DE TEMPERATURAS
650 _aCOMPENSADORES DE FRIO
650 _aCULTIVOS FRUTALES
942 _c01
010 _a35042
999 _c218913
_d218913